<?xml version="1.0" encoding="UTF-8"?>
<record
    xmlns:xsi="http://www.w3.org/2001/XMLSchema-instance"
    xsi:schemaLocation="http://www.loc.gov/MARC21/slim http://www.loc.gov/standards/marcxml/schema/MARC21slim.xsd"
    xmlns="http://www.loc.gov/MARC21/slim">

  <leader>00624nam a2200229Ia 4500</leader>
  <controlfield tag="005">20230415110740.0</controlfield>
  <controlfield tag="008">230125s9999    xx            000 0 und d</controlfield>
  <datafield tag="020" ind1=" " ind2=" ">
    <subfield code="a">978-81-7708-385-9</subfield>
  </datafield>
  <datafield tag="041" ind1=" " ind2=" ">
    <subfield code="a">eng</subfield>
  </datafield>
  <datafield tag="082" ind1=" " ind2=" ">
    <subfield code="a">658.159</subfield>
    <subfield code="b">RAS</subfield>
  </datafield>
  <datafield tag="100" ind1=" " ind2=" ">
    <subfield code="a">Raste D R</subfield>
    <subfield code="9">108219</subfield>
  </datafield>
  <datafield tag="245" ind1=" " ind2=" ">
    <subfield code="a">Dictionary Of Capital Market</subfield>
  </datafield>
  <datafield tag="260" ind1=" " ind2=" ">
    <subfield code="c">2014</subfield>
    <subfield code="b">New Century Publications.</subfield>
    <subfield code="a">New Delhi</subfield>
  </datafield>
  <datafield tag="300" ind1=" " ind2=" ">
    <subfield code="a">227p</subfield>
    <subfield code="c">Hard Bound</subfield>
  </datafield>
  <datafield tag="440" ind1=" " ind2=" ">
    <subfield code="v">5</subfield>
  </datafield>
  <datafield tag="500" ind1=" " ind2=" ">
    <subfield code="a">Dictionary;Capital markets;Dictionary of Capital Market</subfield>
  </datafield>
  <datafield tag="650" ind1=" " ind2=" ">
    <subfield code="a">Financial Management</subfield>
  </datafield>
  <datafield tag="700" ind1=" " ind2=" ">
    <subfield code="a">Raste D R</subfield>
    <subfield code="9">108219</subfield>
  </datafield>
  <datafield tag="906" ind1=" " ind2=" ">
    <subfield code="b">27</subfield>
  </datafield>
  <datafield tag="942" ind1=" " ind2=" ">
    <subfield code="c">BK</subfield>
  </datafield>
  <datafield tag="999" ind1=" " ind2=" ">
    <subfield code="c">95148</subfield>
    <subfield code="d">95148</subfield>
  </datafield>
  <datafield tag="952" ind1=" " ind2=" ">
    <subfield code="0">0</subfield>
    <subfield code="1">0</subfield>
    <subfield code="4">0</subfield>
    <subfield code="7">0</subfield>
    <subfield code="a">HIMR</subfield>
    <subfield code="b">HIMR</subfield>
    <subfield code="d">2019-02-10</subfield>
    <subfield code="e">Pritam Book Centre</subfield>
    <subfield code="g">790.00</subfield>
    <subfield code="i">10763</subfield>
    <subfield code="l">0</subfield>
    <subfield code="o">658.159 RAS B18117</subfield>
    <subfield code="p">HIMR-BK-18117</subfield>
    <subfield code="r">2023-01-25 00:00:00</subfield>
    <subfield code="v">763.00</subfield>
    <subfield code="w">2019-02-11</subfield>
    <subfield code="y">BK</subfield>
    <subfield code="z">B18117</subfield>
  </datafield>
  <datafield tag="952" ind1=" " ind2=" ">
    <subfield code="0">0</subfield>
    <subfield code="1">0</subfield>
    <subfield code="4">0</subfield>
    <subfield code="7">0</subfield>
    <subfield code="a">HIMR</subfield>
    <subfield code="b">HIMR</subfield>
    <subfield code="d">2019-02-10</subfield>
    <subfield code="e">Pritam Book Centre</subfield>
    <subfield code="g">790.00</subfield>
    <subfield code="i">10763</subfield>
    <subfield code="l">0</subfield>
    <subfield code="o">658.159 RAS B18118</subfield>
    <subfield code="p">HIMR-BK-18118</subfield>
    <subfield code="r">2023-01-25 00:00:00</subfield>
    <subfield code="v">763.00</subfield>
    <subfield code="w">2019-02-11</subfield>
    <subfield code="y">BK</subfield>
    <subfield code="z">B18118</subfield>
  </datafield>
  <datafield tag="952" ind1=" " ind2=" ">
    <subfield code="0">0</subfield>
    <subfield code="1">0</subfield>
    <subfield code="4">0</subfield>
    <subfield code="7">0</subfield>
    <subfield code="a">HIMR</subfield>
    <subfield code="b">HIMR</subfield>
    <subfield code="d">2019-02-10</subfield>
    <subfield code="e">Pritam Book Centre</subfield>
    <subfield code="g">790.00</subfield>
    <subfield code="i">10763</subfield>
    <subfield code="l">0</subfield>
    <subfield code="o">658.159 RAS B18119</subfield>
    <subfield code="p">HIMR-BK-18119</subfield>
    <subfield code="r">2023-01-25 00:00:00</subfield>
    <subfield code="v">763.00</subfield>
    <subfield code="w">2019-02-11</subfield>
    <subfield code="y">BK</subfield>
    <subfield code="z">B18119</subfield>
  </datafield>
  <datafield tag="952" ind1=" " ind2=" ">
    <subfield code="0">0</subfield>
    <subfield code="1">0</subfield>
    <subfield code="4">0</subfield>
    <subfield code="7">0</subfield>
    <subfield code="a">HIMR</subfield>
    <subfield code="b">HIMR</subfield>
    <subfield code="d">2019-02-10</subfield>
    <subfield code="e">Pritam Book Centre</subfield>
    <subfield code="g">790.00</subfield>
    <subfield code="i">10763</subfield>
    <subfield code="l">0</subfield>
    <subfield code="o">658.159 RAS B18120</subfield>
    <subfield code="p">HIMR-BK-18120</subfield>
    <subfield code="r">2023-01-25 00:00:00</subfield>
    <subfield code="v">763.00</subfield>
    <subfield code="w">2019-02-11</subfield>
    <subfield code="y">BK</subfield>
    <subfield code="z">B18120</subfield>
  </datafield>
  <datafield tag="952" ind1=" " ind2=" ">
    <subfield code="0">0</subfield>
    <subfield code="1">0</subfield>
    <subfield code="4">0</subfield>
    <subfield code="7">0</subfield>
    <subfield code="a">HIMR</subfield>
    <subfield code="b">HIMR</subfield>
    <subfield code="d">2019-02-10</subfield>
    <subfield code="e">Pritam Book Centre</subfield>
    <subfield code="g">790.00</subfield>
    <subfield code="i">10763</subfield>
    <subfield code="l">0</subfield>
    <subfield code="o">658.159 RAS B18121</subfield>
    <subfield code="p">HIMR-BK-18121</subfield>
    <subfield code="r">2023-01-25 00:00:00</subfield>
    <subfield code="v">763.00</subfield>
    <subfield code="w">2019-02-11</subfield>
    <subfield code="y">BK</subfield>
    <subfield code="z">B18121</subfield>
  </datafield>
</record>
